000 00431nam a22001697a 4500
005 20180703150711.0
008 160611b xxu||||| |||| 00| 0 eng d
020 _a81-225-0294-6
041 _aeng
082 _b6913
_a658.11
100 _aShukla, Mata Badal
_91704
245 _aEntrepreneurship and Small Business Management
260 _aAllahabad
_bKitab Mahal ,
300 _a580
650 _aManagement
_9241
942 _cBK
999 _c2405
_d2404